Online
Catalog

La paranoia / (Record no. 1629)

MARC details
000 -CABECERA
campo de control de longitud fija 00602nam a2200193 a 4500
001 - NÚMERO DE CONTROL
campo de control 000001752
005 - FECHA Y HORA DE LA ÚLTIMA TRANSACCIÓN
campo de control 20200929145703.0
008 - DATOS DE LONGITUD FIJA--INFORMACIÓN GENERAL
campo de control de longitud fija 090626s2007 cu 000 0 spa d
020 ## - NÚMERO INTERNACIONAL ESTÁNDAR DEL LIBRO
Número Internacional Estándar del Libro 9789592602045
040 ## - FUENTE DE LA CATALOGACIÓN
Centro catalogador/agencia de origen DO-SdBNP
082 ## - NÚMERO DE LA CLASIFICACIÓN DECIMAL DEWEY
Número de clasificación 792.
Número de documento/Ítem S768p
100 1# - ENTRADA PRINCIPAL--NOMBRE DE PERSONA
Nombre de persona Spregelburd, Rafael,
Fechas asociadas al nombre 1970-
9 (RLIN) 5697
245 13 - MENCIÓN DE TÍTULO
Título La paranoia /
Mención de responsabilidad, etc. Rafael Spregelburd.
260 ## - PUBLICACIÓN, DISTRIBUCIÓN, ETC.
Lugar de publicación, distribución, etc. La Habana :
Nombre del editor, distribuidor, etc. Casa de las Américas,
Fecha de publicación, distribución, etc. 2007.
300 ## - DESCRIPCIÓN FÍSICA
Extensión 148 p. ;
Dimensiones 20 cm.
500 ## - NOTA GENERAL
Nota general Incluye datos biográficos del autor en la contraportada
586 ## - NOTA DE PREMIOS
Nota de premios Premio Casa de la Américas, teatro, 2007
650 #4 - PUNTO DE ACCESO ADICIONAL DE MATERIA--TÉRMINO DE MATERIA
Término de materia o nombre geográfico como elemento de entrada Obra de teatro.
9 (RLIN) 5698
Holdings
Estado de retiro Estado de pérdida Restricciones de uso No para préstamo Código de colección Localización permanente Ubicación/localización actual Ubicación en estantería Fecha de adquisición Número de inventario Total de préstamos Signatura topográfica completa Código de barras Fecha visto por última vez Precio válido a partir de Tipo de ítem Koha Número de copia
      Excluido de préstamo Monografías: Libros y Folletos General General En catalogación 26.06.2009 LF1   792. S768p 1752-10 25.06.2020 25.06.2020 No se presta  
      Excluido de préstamo Monografías: Libros y Folletos General General En catalogación 26.06.2009 LF1   792. S768p 1752-20 25.06.2020 25.06.2020 No se presta e.2

Powered by Koha